| 000 | 00545nam a2200193Ia 4500 | ||
|---|---|---|---|
| 005 | 20250508163349.0 | ||
| 008 | 008 250505s9999 xx 000 0 eng d | ||
| 037 | _aTextual | ||
| 040 |
_aFEDL _beng _cFEDL |
||
| 041 |
_aeng _2eng |
||
| 084 |
_a155.4, SEI _qFEDL |
||
| 100 |
_aSeipt Irene Schumo _9775204 |
||
| 245 | 0 | _aYour child's happiness : A guide for parents | |
| 260 |
_aNew York, USA _bCollier Books _c1955 |
||
| 300 | _a160p. | ||
| 650 | _aChild Psychology | ||
| 942 |
_cTEXL _h155.4, SEI |
||
| 999 |
_c1382570 _d1382570 |
||